Statistics for Every college with a prospect for the 2024 NFL Draft

Click here to take the quiz!

General Stats

  • This quiz has been taken 71 times
    (50 since last reset)
  • The average score is 380 of 484

Answer Stats

RankingNamePositionCollegeGrade% Correct
46.Jermaine BurtonWide ReceiverAlabamaMid 2.
100%
103.Justin EboigbeDefensive TackleAlabamaEarly 4.
100%
145.Will ReichardKickerAlabamaEarly 5.
100%
40.Chris BraswellEdge RusherAlabamaEarly 2.
100%
341.Jase McClellanRunningbackAlabamaUDFA
100%
10.Dallas TurnerEdge RusherAlabamaEarly 1.
100%
18.Terrion ArnoldCornerbackAlabamaMid 1.
100%
17.Kool-Aid McKinstryCornerbackAlabamaMid 1.
100%
316.Jaylen KeySafetyAlabamaUDFA
100%
415.Darrian DalcourtCenterAlabamaUDFA
100%
15.LC LathamOffensive TackleAlabamaMid 1.
100%
113.Ricky PearsallWide ReceiverFloridaMid 4.
100%
213.Kingsley EguakunCenterFloridaLate 6.
100%
30.Ladd McConkeyWide ReceiverGeorgiaLate 1.
100%
342.Daijun EdwardsRunningbackGeorgiaUDFA
100%
55.Kamari LassiterCornerbackGeorgiaLate 2.
100%
25.Amarius MimsOffensive TackleGeorgiaLate 1.
100%
275.Kendall MiltonRunningbackGeorgiaUDFA
100%
67.Javon BullardSafetyGeorgiaEarly 3.
100%
74.Sedrick van PranCenterGeorgiaEarly 3.
100%
165.Tykee SmithSafetyGeorgiaLate 5.
100%
152.Marcus Rosemy-JacksaintWide ReceiverGeorgiaMid 5.
100%
378.Zion LogueDefensive TackleGeorgiaUDFA
100%
484.William MoteLong SnapperGeorgiaUDFA
100%
5.Brock BowersTight EndGeorgiaEarly 1.
100%
475.Ovie OghoufoEdge RusherLSUUDFA
100%
78.Mekhi WingoDefensive TackleLSUMid 3.
100%
20.Brian Thomas Jr.Wide ReceiverLSUMid 1.
100%
326.Omar SpeightsLinebackerLSUUDFA
100%
299.Charles Turner IIICenterLSUUDFA
100%
154.Jordan JeffersonDefensive TackleLSUMid 5.
100%
6.Malik NabersWide ReceiverLSUEarly 1.
100%
11.Jayden DanielsQuarterbackLSUMid 1.
100%
456.Andre' SamSafetyLSUUDFA
100%
68.Maason SmithDefensive TackleLSUEarly 3.
100%
283.Trente JonesGuardMichiganUDFA
100%
281.LaDarius HendersonGuardMichiganUDFA
100%
81.Blake CorumRunningbackMichiganMid 3.
100%
52.Mike SainristilCornerbackMichiganMid 2.
100%
161.AJ BarnerTight EndMichiganLate 5.
100%
87.Zak ZinterGuardMichiganLate 3.
100%
219.Drake NugentCenterMichiganLate 6.
100%
212.Trevor KeeganGuardMichiganLate 6.
100%
253.Jaylen HarrellEdge RusherMichiganLate 7.
100%
175.Cornelius JohnsonWide ReceiverMichiganLate 5.
100%
410.Josh WallaceCornerbackMichiganUDFA
100%
37.Kris JenkinsDefensive TackleMichiganEarly 2.
100%
36.J.J. McCarthyQuarterbackMichiganEarly 2.
100%
189.Braiden McGregorEdge RusherMichiganEarly 6.
100%
65.Junior ColsonLinebackerMichiganEarly 3.
100%
181.Michael BarrettLinebackerMichiganEarly 6.
100%
79.Roman WilsonWide ReceiverMichiganMid 3.
100%
400.Karsen BarnhartGuardMichiganUDFA
100%
45.Devontez WalkerWide ReceiverNorth CarolinaMid 2.
100%
473.Spencer RollandOffensive TackleNorth CarolinaUDFA
100%
306.Myles MurphyDefensive TackleNorth CarolinaUDFA
100%
112.Cedric GrayLinebackerNorth CarolinaMid 4.
100%
3.Drake MayeQuarterbackNorth CarolinaEarly 1.
100%
83.Audric EstimeRunningbackNotre DameMid 3.
100%
297.JD BertrandLinebackerNotre DameUDFA
100%
224.Javontae Jean-BaptisteEdge RusherNotre DameEarly 7.
100%
93.Blake FisherOffensive TackleNotre DameLate 3.
100%
4.Joe AltOffensive TackleNotre DameEarly 1.
100%
99.Cam HartCornerbackNotre DameLate 3.
100%
123.Marist LiufauLinebackerNotre DameLate 4.
100%
114.Sam HartmanQuarterbackNotre DameMid 4.
100%
383.Thomas HarperCornerbackNotre DameUDFA
100%
328.Kurtis RourkeQuarterbackOhioUDFA
100%
201.Josh ProctorSafetyOhio St.Mid 6.
100%
80.Michael Hall Jr.Defensive TackleOhio St.Mid 3.
100%
184.Steele ChambersLinebackerOhio St.Early 6.
100%
2.Marvin Harrison Jr.Wide ReceiverOhio St.Early 1.
100%
246.Matthew JonesGuardOhio St.Late 7.
100%
267.Miyan WilliamsRunningbackOhio St.UDFA
100%
414.Xavier JohnsonWide ReceiverOhio St.UDFA
100%
100Cade StoverTight EndOhio St.Early 4.
100%
117.Tommy EichenbergLinebackerOhio St.Mid 4.
100%
96.Brandon DorlusDefensive TackleOregonLate 3.
100%
137.Bucky IrvingRunningbackOregonEarly 5.
100%
24.Jackson Powers-JohnsonCenterOregonLate 1.
100%
237.Jamal HillLinebackerOregonMid 7.
100%
77.Khyree JacksonCornerbackOregonMid 3.
100%
405.Steven JonesGuardOregonUDFA
100%
254.Evan WilliamsSafetyOregonLate 7.
100%
32.Bo NixQuarterbackOregonLate 1.
100%
370.Taki TaimaniDefensive TackleOregonUDFA
100%
408.Casey RogersDefensive TackleOregonUDFA
100%
39.Troy FranklinWide ReceiverOregonEarly 2.
100%
42.Xavier WorthyWide ReceiverTexasEarly 2.
100%
28.Byron Murphy IIDefensive TackleTexasLate 1.
100%
127.Christian JonesOffensive TackleTexasLate 4.
100%
33.Adonai MitchellWide ReceiverTexasEarly 2.
100%
146.Ryan WattsCornerbackTexasEarly 5.
100%
89.Jonathon BrooksRunningbackTexasLate 3.
100%
332.Keilan RobinsonRunningbackTexasUDFA
100%
170.Jaylan FordLinebackerTexasLate 5.
100%
59.Ja'Tavion SandersTight EndTexasLate 2.
100%
70.T'Vondre SweatDefensive TackleTexasEarly 3.
100%
293.Jordan WhittingtonWide ReceiverTexasUDFA
100%
334.Jarrett KingstonGuardUSCUDFA
100%
214.Tahj WashingtonWide ReceiverUSCLate 6.
100%
417.Justin DedichGuardUSCUDFA
100%
361.Solomon ByrdEdge RusherUSCUDFA
100%
445.Austin JonesRunningbackUSCUDFA
100%
374.Christian Roland-WallaceCornerbackUSCUDFA
100%
395.Kyon BarraDefensive TackleUSCUDFA
100%
116.Brenden RiceWide ReceiverUSCMid 4.
100%
1.Caleb WilliamsQuarterbackUSCEarly 1.
100%
47.Calen BullockSafetyUSCMid 2.
100%
75.Marshawn LloydRunningbackUSCEarly 3.
100%
109.Edefuan UlofoshioLinebackerWashingtonEarly 4.
100%
128.Dillon JohnsonRunningbackWashingtonLate 4.
100%
7.Rome OdunzeWide ReceiverWashingtonEarly 1.
100%
438.Jack WestoverTight EndWashingtonUDFA
100%
27.Troy FautanuOffensive TackleWashingtonLate 1.
100%
358.Tuli LetuligasenoaDefensive TackleWashingtonUDFA
100%
44.Michael Penix Jr.QuarterbackWashingtonMid 2.
100%
50.Ja'Lynn PolkWide ReceiverWashingtonMid 2.
100%
247.Dominique HamptonSafetyWashingtonLate 7.
100%
71.Jalen McMillanWide ReceiverWashingtonEarly 3.
100%
211.Zion Tupuola-FetuiEdge RusherWashingtonLate 6.
100%
195.Devin CulpTight EndWashingtonMid 6.
100%
139.Roger RosengartenOffensive TackleWashingtonEarly 5.
100%
53.Bralen TriceEdge RusherWashingtonLate 2.
100%
305.Kalen DeLoachLinebackerFlorida St.UDFA
98%
61.Braden FiskeDefensive TackleFlorida St.Late 2.
98%
16.Jared VerseEdge RusherFlorida St.Mid 1.
98%
121.Jarrian JonesCornerbackFlorida St.Mid 4.
98%
314.Tatum BethuneLinebackerFlorida St.UDFA
98%
73.Johnny WilsonWide ReceiverFlorida St.Early 3.
98%
104.Jordan TravisQuarterbackFlorida St.Early 4.
98%
56.Trey BensonRunningbackFlorida St.Late 2.
98%
105.Renardo GreenCornerbackFlorida St.Early 4.
98%
206.Fabien LovettDefensive TackleFlorida St.Late 6.
98%
21.Keon ColemanWide ReceiverFlorida St.Late 1.
98%
130.Jaheim BellTight EndFlorida St.Late 4.
98%
390.Akeem DentSafetyFlorida St.UDFA
98%
150.Tory TaylorPunterIowaMid 5.
98%
118.Erick AllTight EndIowaMid 4.
98%
9.Cooper DejeanCornerbackIowaEarly 1.
98%
178.Logan LeeDefensive TackleIowaEarly 6.
98%
23.Taliese FuagaOffensive TackleOregon St.Late 1.
98%
227.Kitan OladapoSafetyOregon St.Early 7.
98%
468.Ryan Cooper Jr.CornerbackOregon St.UDFA
98%
204.Anthony GouldWide ReceiverOregon St.Mid 6.
98%
155.Daquan HardyCornerbackPenn St.Mid 5.
98%
8.Olumuyiwa FashanuOffensive TacklePenn St.Early 1.
98%
472.Keaton EllisSafetyPenn St.UDFA
98%
129.Johnny DixonCornerbackPenn St.Late 4.
98%
220.Curtis JacobsLinebackerPenn St.Late 6.
98%
98.Theo JohnsonTight EndPenn St.Late 3.
98%
19.Chop RobinsonEdge RusherPenn St.Mid 1.
98%
166.Kalen KingCornerbackPenn St.Late 5.
98%
251.Caedan WallaceOffensive TacklePenn St.Late 7.
98%
197.Hunter NourzadCenterPenn St.Mid 6.
98%
49.Adisa IsaacEdge RusherPenn St.Mid 2.
98%
13.Quinyon MitchellCornerbackToledoMid 1.
98%
446.Judge CulpepperDefensive TackleToledoUDFA
98%
452.Nick RosiGuardToledoUDFA
98%
238.Dallas GantLinebackerToledoMid 7.
98%
157.Gabriel MurphyEdge RusherUCLAMid 5.
98%
215.Grayson MurphyEdge RusherUCLALate 6.
98%
265.Carl JonesLinebackerUCLAUDFA
98%
12.Laiatu LatuEdge RusherUCLAMid 1.
98%
335.Alex JohnsonCornerbackUCLAUDFA
98%
462.Colton YankoffTight EndUCLAUDFA
98%
338.Carson SteeleRunningbackUCLAUDFA
98%
339.Darius MuasauLinebackerUCLAUDFA
98%
58.Jeremiah Trotter Jr.LinebackerClemsonLate 2.
95%
359.Jalyn PhillipsSafetyClemsonUDFA
95%
182.Xavier ThomasEdge RusherClemsonEarly 6.
95%
66.Ruke OrhorhoroDefensive TackleClemsonEarly 3.
95%
22.Nate WigginsCornerbackClemsonLate 1.
95%
95.Tyler DavisDefensive TackleClemsonLate 3.
95%
418.Sheridan JonesCornerbackClemsonUDFA
95%
158.Will ShipleyRunningbackClemsonMid 5.
95%
363.Andrew RaymCenterOklahomaUDFA
95%
351.Jordan LauluDefensive TackleOklahomaUDFA
95%
187.Walter RouseOffensive TackleOklahomaEarly 6.
95%
48.Tyler GuytonOffensive TackleOklahomaMid 2.
95%
176.Austin BookerEdge RusherKansasEarly 6.
93%
151.Dominick PuniGuardKansasMid 5.
93%
411.Keaton BillsGuardKansasUDFA
93%
377.Kenny Logan Jr.SafetyKansasUDFA
93%
149.Brevyn Spann-FordTight EndMinnesotaMid 5.
93%
31.Tyler NubinSafetyMinnesotaLate 1.
93%
379.Kyler BaughDefensive TackleMinnesotaUDFA
93%
360.Brennan ArmstrongQuarterbackNC St.UDFA
93%
235.Dylan McMahonCenterNC St.Mid 7.
93%
453.Savion JacksonEdge RusherNC St.UDFA
93%
41.Payton WilsonLinebackerNC St.Early 2.
93%
284.Nick GargiuloCenterSouth CarolinaUDFA
93%
421.Ahmarean BrownWide ReceiverSouth CarolinaUDFA
93%
319.Marcellas DialCornerbackSouth CarolinaUDFA
93%
159.Trey KnoxTight EndSouth CarolinaMid 5.
93%
110.Spencer RattlerQuarterbackSouth CarolinaEarly 4.
93%
29.Xavier LegetteWide ReceiverSouth CarolinaLate 1.
93%
144.DeWayne CarterDefensive TackleDukeEarly 5.
91%
26.Graham BartonGuardDukeLate 1.
91%
356.Jacob MonkCenterDukeUDFA
91%
402.KT LevestonGuardKansas St.UDFA
91%
43.Cooper BeebeGuardKansas St.Mid 2.
91%
434.Khalid DukeEdge RusherKansas St.UDFA
91%
76.Ben SinnottTight EndKansas St.Mid 3.
91%
225.Austin McNamaraPunterTexas TechEarly 7.
91%
131.Dadrion Taylor-DemersonSafetyTexas TechLate 4.
91%
153.Tyler OwensSafetyTexas TechMid 5.
91%
183.Myles ColeEdge RusherTexas TechEarly 6.
91%
350.Nicario HarperSafetyIllinoisUDFA
89%
285.Keith Randolph Jr.Defensive TackleIllinoisUDFA
89%
399.Casey WashingtonWide ReceiverIllinoisUDFA
89%
320.Julian PearlOffensive TackleIllinoisUDFA
89%
188.Isaiah AdamsGuardIllinoisEarly 6.
89%
14.Jer'zhan NewtonDefensive TackleIllinoisMid 1.
89%
221.Tip ReimanTight EndIllinoisEarly 7.
89%
207.Isaiah WilliamsWide ReceiverIllinoisLate 6.
89%
366.Michael WileyRunningbackArizonaUDFA
86%
290.Taylor UpshawEdge RusherArizonaUDFA
86%
102.Jacob CowingWide ReceiverArizonaEarly 4.
86%
35.Jordan MorganOffensive TackleArizonaEarly 2.
86%
266.Tanner McLachlanTight EndArizonaUDFA
86%
140.Trevin WallaceLinebackerKentuckyEarly 5.
86%
173.Andru PhillipsCornerbackKentuckyLate 5.
86%
322.Tayvion RobinsonWide ReceiverKentuckyUDFA
86%
398.Jeremy FlaxOffensive TackleKentuckyUDFA
86%
343.Devin LearyQuarterbackKentuckyUDFA
86%
347.J.J. WeaverEdge RusherKentuckyUDFA
86%
177.Ray DavisRunningbackKentuckyEarly 6.
86%
409.Jacoby WindmonLinebackerMichigan St.UDFA
86%
331.Nick SamacCenterMichigan St.UDFA
86%
54.Darius RobinsonEdge RusherMissouriLate 2.
86%
108.Javon FosterOffensive TackleMissouriEarly 4.
86%
34.Ennis Rakestraw Jr.CornerbackMissouriEarly 2.
86%
243.Jaylon CarliesSafetyMissouriMid 7.
86%
233.Harrison MevisKickerMissouriMid 7.
86%
156.Ty'Ron HopperLinebackerMissouriMid 5.
86%
222.Cody SchraderRunningbackMissouriEarly 7.
86%
85.Kris Abrams-DraineCornerbackMissouriMid 3.
86%
465.Ramel KeytonWide ReceiverTennesseeUDFA
86%
94.Jaylen WrightRunningbackTennesseeLate 3.
86%
186.McCallan CastlesTight EndTennesseeEarly 6.
86%
160.Joe Milton IIIQuarterbackTennesseeMid 5.
86%
196.Jamal HaddenCornerbackTennesseeMid 6.
86%
464.Jabari SmallRunningbackTennesseeUDFA
86%
200.Layden RobinsonGuardTexas A&MMid 6.
86%
60.McKinley JacksonDefensive TackleTexas A&MLate 2.
86%
132.Ainias SmithWide ReceiverTexas A&MLate 4.
86%
245.Demani RichardsonSafetyTexas A&MLate 7.
86%
51.Edgerrin CooperLinebackerTexas A&MMid 2.
86%
428.Miles BattleCornerbackUtahUDFA
86%
353.Thomas YassminTight EndUtahUDFA
86%
162.Sataoa LaumeaGuardUtahLate 5.
86%
69.Jonah EllissEdge RusherUtahEarly 3.
86%
138.Sione VakiSafetyUtahEarly 5.
86%
101.Cole BishopSafetyUtahEarly 4.
86%
298.Devaughn VeleWide ReceiverUtahUDFA
86%
443.Lincoln VictorWide ReceiverWashington St.UDFA
86%
373.Ron Stone Jr.Edge RusherWashington St.UDFA
86%
199.Chau Smith-WadeCornerbackWashington St.Mid 6.
86%
191.Brennan JacksonEdge RusherWashington St.Mid 6.
86%
122.Jaden HicksSafetyWashington St.Late 4.
86%
349.Tanner MordecaiQuarterbackWisconsinUDFA
84%
180.Tanor BortoliniCenterWisconsinEarly 6.
84%
90.Braelon AllenRunningbackWisconsinLate 3.
84%
480.Peter BowdenLong SnapperWisconsinUDFA
84%
393.Naema NjongmetaLinebackerWisconsinUDFA
84%
444.David UgwoegbuEdge RusherHoustonUDFA
82%
38.Patrick PaulOffensive TackleHoustonEarly 2.
82%
169.Nelson CeaserEdge RusherHoustonLate 5.
82%
388.Ben NikkelSafetyIowa St.UDFA
82%
63.TJ TampaCornerbackIowa St.Late 2.
82%
218.Matt LeeCenterMiami (FL)Late 6.
82%
167.Xavier CohenGuardMiami (FL)Late 5.
82%
86.Leonard Taylor IIIDefensive TackleMiami (FL)Mid 3.
82%
91.Kamren KinchensSafetyMiami (FL)Late 3.
82%
272.Zion NelsonOffensive TackleMiami (FL)UDFA
82%
115.James WilliamsSafetyMiami (FL)Mid 4.
82%
276.Xavier WeaverWide ReceiverColoradoUDFA
80%
450.Anthony GoodlowEdge RusherOklahoma St.UDFA
80%
264.Ryan RehkowPunterBYUUDFA
77%
391.Isaac RexTight EndBYUUDFA
77%
57.Kingsley SuamataiaOffensive TackleBYULate 2.
77%
321.Kedon SlovisQuarterbackBYUUDFA
77%
311.Andrew CokerOffensive TackleTCUUDFA
77%
249.Emani BaileyRunningbackTCULate 7.
77%
135.Jared WileyTight EndTCUEarly 5.
77%
295.Millard BradfordSafetyTCUUDFA
77%
440.Willis PatrickGuardTCUUDFA
77%
352.Noah DanielsCornerbackTCUUDFA
77%
125.Brandon ColemanGuardTCULate 4.
77%
386.Mark PerrySafetyTCUUDFA
77%
119.Josh NewtonCornerbackTCUMid 4.
77%
107.Malik WashingtonWide ReceiverVirginiaEarly 4.
77%
277.Justin RogersDefensive TackleAuburnUDFA
75%
240.Marcus HarrisDefensive TackleAuburnMid 7.
75%
92.DJ JamesCornerbackAuburnLate 3.
75%
148.Nehemiah PritchettCornerbackAuburnMid 5.
75%
124.Jaylin SimpsonSafetyAuburnLate 4.
75%
389.Patrick McMorrisSafetyCaliforniaUDFA
75%
340.Jackson SirmonLinebackerCaliforniaUDFA
75%
163.Jamari ThrashWide ReceiverLouisvilleLate 5.
75%
286.Jawhar JordanRunningbackLouisvilleUDFA
75%
232.Storm DuckCornerbackLouisvilleEarly 7.
75%
171.Jarvis Brownlee Jr.CornerbackLouisvilleLate 5.
75%
106.Isaac GuerendoRunningbackLouisvilleEarly 4.
75%
430.Jack PlummerQuarterbackLouisvilleUDFA
75%
431.Bryan HudsonCenterLouisvilleUDFA
75%
365.Luke ReimerLinebackerNebraskaUDFA
75%
288.Omar BrownSafetyNebraskaUDFA
75%
459.Quinton NewsomeCornerbackNebraskaUDFA
75%
194.Cedric JohnsonEdge RusherOle MissMid 6.
75%
282.Deantre PrinceCornerbackOle MissUDFA
75%
313.Daijahn AnthonySafetyOle MissUDFA
75%
304.Zakhari FranklinWide ReceiverOle MissUDFA
75%
82.Max MeltonCornerbackRutgersMid 3.
75%
172.Joshua KartyKickerStanfordLate 5.
75%
364.Jason JohnsonLinebackerUCFUDFA
75%
209.Tylan GrableOffensive TackleUCFLate 6.
75%
330.John Rhys PlumleeQuarterbackUCFUDFA
75%
126.Javon BakerWide ReceiverUCFLate 4.
75%
447.Hale Motu'apuakaDefensive TackleUtah St.UDFA
75%
346.Bernie Bishop Jr.CornerbackWest VirginiaUDFA
75%
72.Zach FrazierCenterWest VirginiaEarly 3.
75%
429.Doug NesterGuardWest VirginiaUDFA
75%
141.Dwight McGlothernCornerbackArkansasEarly 5.
73%
439.John Morgan IIIEdge RusherArkansasUDFA
73%
261.Cameron LittleKickerArkansasUDFA
73%
142.Beaux LimmerCenterArkansasEarly 5.
73%
425.Brady LathamGuardArkansasUDFA
73%
420.Rosé StonaTight EndArkansasUDFA
73%
278.Trajan JeffcoatEdge RusherArkansasUDFA
73%
143.Christian MahoganyGuardBoston CollegeEarly 5.
73%
223.Elijah JonesCornerbackBoston CollegeEarly 7.
73%
217.Kyle HergelGuardBoston CollegeLate 6.
73%
307.Taulia TagovailoaQuarterbackMarylandUDFA
73%
325.Ja'Quan SheppardCornerbackMarylandUDFA
73%
190.Delmar GlazeGuardMarylandEarly 6.
73%
134.Beau BradeSafetyMarylandLate 4.
73%
241.Gottlieb AyedzeGuardMarylandMid 7.
73%
309.Tarheeb StillCornerbackMarylandUDFA
73%
164.Mohamed KamaraEdge RusherColorado St.Late 5.
70%
185.Dallin HolkerTight EndColorado St.Early 6.
70%
296.Chigozie AnusiemCornerbackColorado St.UDFA
70%
198.Decameron RichardsonCornerbackMississippi St.Mid 6.
70%
280.Jaden CrumedyDefensive TackleMississippi St.UDFA
70%
454.Nathan PickeringDefensive TackleMississippi St.UDFA
70%
478.Aaron BanksSafetyMississippi St.UDFA
70%
292.Lideatrick GriffinWide ReceiverMississippi St.UDFA
70%
258.Nathaniel WatsonLinebackerMississippi St.UDFA
70%
458.Ben BryantQuarterbackNorthwesternUDFA
70%
481.Chris EdmondsSafetyArizona St.UDFA
68%
367.Ro TorrenceCornerbackArizona St.UDFA
68%
229.Gabe HallDefensive TackleBaylorEarly 7.
68%
482.Myles SimsCornerbackGeorgia TechUDFA
68%
244.Bub MeansWide ReceiverPittsburghMid 7.
68%
231.M.J. DevonshireCornerbackPittsburghEarly 7.
68%
423.A.J. WoodsCornerbackPittsburghUDFA
68%
133.Matt GoncalvesOffensive TacklePittsburghLate 4.
68%
228.Tyrone Tracy Jr.RunningbackPurdueEarly 7.
68%
403.Sanoussi KaneSafetyPurdueUDFA
68%
385.Cam AllenSafetyPurdueUDFA
68%
168.Luke McCaffreyWide ReceiverRiceLate 5.
68%
416.Jackson MitchellLinebackerUConnUDFA
68%
88.Christian HaynesGuardUConnLate 3.
68%
239.Eric WattsEdge RusherUConnMid 7.
68%
432.Michael JurgensCenterWake ForestUDFA
68%
84.Caelen CarsonCornerbackWake ForestMid 3.
68%
205.Malik MustaphaSafetyWake ForestMid 6.
68%
271.Sincere HaynesworthCenterTulaneUDFA
66%
302.Jarius MonroeCornerbackTulaneUDFA
66%
136.Michael PrattQuarterbackTulaneEarly 5.
66%
433.Prince PinesGuardTulaneUDFA
66%
263.Jha'Quan JacksonWide ReceiverTulaneUDFA
66%
300.Matthew HayballPunterVanderbiltUDFA
66%
64.Malachi CorleyWide ReceiverWestern KentuckyLate 2.
66%
250.Austin ReedQuarterbackWestern KentuckyLate 7.
66%
62.Kiran AmegadjieOffensive TackleYaleLate 2.
66%
392.Mason TiptonWide ReceiverYaleUDFA
66%
345.Pheldarius PayneDefensive TackleVirginia TechUDFA
64%
97.Marshawn KneelandEdge RusherWestern MichiganLate 3.
64%
317.Keni-H LovelyCornerbackWestern MichiganUDFA
64%
372.Treyton WelchTight EndWyomingUDFA
64%
268.Easton GibbsLinebackerWyomingUDFA
64%
291.Frank CrumOffensive TackleWyomingUDFA
64%
255.Trey TaylorSafetyAir ForceLate 7.
61%
259.Bo RichterEdge RusherAir ForceUDFA
61%
329.George HolaniRunningbackBoise St.UDFA
61%
269.Nathan ThomasOffensive TackleLouisiana-LafayetteUDFA
61%
262.Myles HardenCornerbackSouth DakotaUDFA
61%
375.Andre CarterDefensive TackleIndianaUDFA
59%
413.Aaron CaseyLinebackerIndianaUDFA
59%
397.Emory JonesQuarterbackCincinnatiUDFA
57%
380.Jowon BriggsDefensive TackleCincinnatiUDFA
57%
407.Jake KubasGuardNorth Dakota St.UDFA
57%
344.Jalen SundellGuardNorth Dakota St.UDFA
57%
448.Isaiah JohnsonCornerbackSyracuseUDFA
57%
424.Jordan MillerDefensive TackleSMUUDFA
55%
226.Elijah ChatmanDefensive TackleSMUEarly 7.
55%
147.Mason McCormickGuardSouth Dakota St.Early 5.
55%
449.Jaxon JankeWide ReceiverSouth Dakota St.UDFA
55%
279.Garrett GreenfieldOffensive TackleSouth Dakota St.UDFA
55%
230.Zach HeinsTight EndSouth Dakota St.Early 7.
55%
120.Isaiah DavisRunningbackSouth Dakota St.Mid 4.
55%
348.Jadon JankeWide ReceiverSouth Dakota St.UDFA
55%
381.Donovan JenningsGuardSouth FloridaUDFA
55%
437.Larry McCammon IIIRunningbackFAUUDFA
52%
274.Je'Quan BurtonWide ReceiverFAUUDFA
52%
192.Evan AndersonDefensive TackleFAUMid 6.
52%
248.Jalen GreenEdge RusherJames MadisonLate 7.
52%
442.Jamree KromahEdge RusherJames MadisonUDFA
52%
260.Jordan MageeLinebackerTempleUDFA
52%
460.Darrell SimpsonOffensive TackleTulsaUDFA
52%
451.Morice Norris Jr.CornerbackFresno St.UDFA
50%
382.Carlton JohnsonCornerbackFresno St.UDFA
50%
476.Levelle BaileyLinebackerFresno St.UDFA
50%
477.Brian DooleyOffensive TackleEastern MichiganUDFA
48%
362.Jontrey HunterLinebackerGeorgia St.UDFA
48%
256.Travis GloverOffensive TackleGeorgia St.Late 7.
48%
337.Braylon AllenEdge RusherMemphisUDFA
48%
323.Blake WatsonRunningbackMemphisUDFA
48%
208.Frank Gore Jr.RunningbackSouthern MissLate 6.
48%
111.Javon SolomonEdge RusherTroyMid 4.
48%
179.Kimani VidalRunningbackTroyEarly 6.
48%
308.Richard JibunorEdge RusherTroyUDFA
48%
327.Joshua CephusWide ReceiverUTSAUDFA
48%
203.De'Corian ClarkWide ReceiverUTSAMid 6.
48%
461.Rashad WisdomSafetyUTSAUDFA
48%
376.Brandon MattersonDefensive TackleUTSAUDFA
48%
394.Joe AndreessenLinebackerBuffaloUDFA
45%
441.X'Zauvea GadlinGuardLibertyUDFA
45%
315.Tejhuan PalmerWide ReceiverUABUDFA
45%
354.Elijah KleinGuardUTEPUDFA
45%
174.Tyrice KnightLinebackerUTEPLate 5.
45%
436.Sam PinckneyWide ReceiverCoastal CarolinaUDFA
43%
401.Clayton IsbellLinebackerCoastal CarolinaUDFA
43%
312.Ethan DriskellOffensive TackleMarshallUDFA
43%
270.Michael AbrahamCornerbackMarshallUDFA
43%
310.Dalton TuckerGuardMarshallUDFA
43%
210.Rasheen AliRunningbackMarshallLate 6.
43%
287.Carter BradleyQuarterbackSouth AlabamaUDFA
41%
369.Eyabi Okie-AnomaEdge RusherCharlotteUDFA
39%
193.Dylan LaubeRunningbackNew HampshireMid 6.
36%
252.Tyrek FunderburkCornerbackAppalachian St.Late 7.
34%
426.Bucky WilliamsCenterAppalachian St.UDFA
34%
216.Jalyx HuntEdge RusherHouston ChristianLate 6.
34%
470.Lorenzo ThompsonGuardRhode IslandUDFA
34%
467.Jordan ColbertSafetyRhode IslandUDFA
34%
234.Qwan'tez StiggersCornerbackCanadaMid 7.
32%
333.Giovanni ManuOffensive TackleCanadaUDFA
32%
301.CJ HansonGuardHoly CrossUDFA
32%
273.Jalen CokerWide ReceiverHoly CrossUDFA
32%
404.Cam GrandyTight EndIllinois St.UDFA
32%
202.Khristian BoydDefensive TackleNorthern IowaMid 6.
30%
457.Russell DandyCornerbackEastern IllinoisUDFA
27%
368.Josiah EzirimOffensive TackleEastern KentuckyUDFA
27%
257.Anim DankwahOffensive TackleHowardLate 7.
27%
479.Rod GattisonCornerbackWestern CarolinaUDFA
27%
294.David White Jr.Wide ReceiverWestern CarolinaUDFA
27%
412.Mike EdwardsGuardCampbellUDFA
25%
236.Jaden ShirdenRunningbackMonmouthMid 7.
25%
242.Ryan FlournoyWide ReceiverSoutheast Missouri St.Mid 7.
25%
483.Lawrence JohnsonSafetySoutheast Missouri St.UDFA
25%
324.PJ JulesSafetySouthern IllinoisUDFA
25%
355.Davius RichardQuarterbackNC CentralUDFA
23%
384.Michael HiersQuarterbackSamfordUDFA
23%
422.Travis ClaytonOffensive TackleUnited KingdomUDFA
23%
289.Willie DrewCornerbackVirginia St.UDFA
23%
406.Winston ReidLinebackerWeber St.UDFA
23%
396.Shon StevensCornerbackFerris St.UDFA
20%
371.Sundiata AndersonEdge RusherGrambling St.UDFA
20%
303.Justin BlazekEdge RusherWisconsin-PlattevilleUDFA
20%
474.Mason PlineTight EndFurmanUDFA
18%
463.Carlos HillWide ReceiverSacramento St.UDFA
18%
427.Levi Drake RodriguezDefensive TackleTexas A&M CCUDFA
18%
387.John JilesWide ReceiverWest FloridaUDFA
18%
471.Bryce OliverWide ReceiverYoungstown St.UDFA
18%
435.Dev HolmesWide ReceiverNew HavenUDFA
16%
318.Dubem OkonkwoLinebackerPittsburgh St. (KS)UDFA
16%
455.Tyler BoatwrightCornerbackCentral ConnecticutUDFA
14%
469.Michael JerrellOffensive TackleFindlayUDFA
14%
336.Derek SlywkaSafetyIthaca CollegeUDFA
14%
357.Bayron MatosGuardDominican RepublicUDFA
11%
419.Cole BurgessWide ReceiverCourtland St. of NYUDFA
9%
466.Deshawn McCarthyEdge RusherEast Stroudsburg St.UDFA
9%

Score Distribution

Percentile by Number Answered

Percent of People with Each Score

Your Score History

You have not taken this quiz since the last reset